000 00664nam a22002537a 4500
001 BR8700438
003 BR-BrBNA
005 20230928092340.0
007 ta
008 230509b bl.||||| |||| 00| 0 por d
040 _aBR-BrBNA
_bpor
_cBiblioteca Nacional de Agricultura
041 _a(Por)
072 _aD50; E40
_b/G514
090 _ D50 BR8700438
100 1 _aAnon.
245 1 _aEstatutos da cooperativa fluminense [Rio de Janeiro, Brasil]
260 3 _aRio de Janeiro, GB (Brasil):
_c1910.
300 _a21 p.
650 _aCOOPERATIVA
650 _aESTATUTO
650 _aRIO DE JANEIRO
909 _a202309
_bLucia
_c55
_dLucia Elande
942 _cBK
999 _c38498
_d38498